000 00373nam a2200169Ia 4500
003 0100
008 130303s9999 xx 000 0 und d
040 _cARRUPELIB
050 _aBS2575.3.G881971
100 _aGuy, H.A
245 4 _aThe Gospel of Matthew
260 _aHong Kong
260 _bMacmillan Education Ltd
260 _C1971
300 _a151p
942 0 0 _04
999 _c32648
_d32648